Asian monetary integration: will it ever happen?

Gespeichert in:
Bibliographische Detailangaben
1. Verfasser: Shanmugaratnam, Tharman
Format: Buch
Sprache:Englisch
Veröffentlicht: Washington, D.C. Per Jacobsson Foundation 2006
Schriftenreihe:<The> Per Jacobsson lecture
Schlagworte:
Tags: Tag hinzufügen
Keine Tags, Fügen Sie das erste Tag hinzu!

MARC

LEADER 00000nam$a2200000$$$4500
001 0056454
005 20240313132734.2
041 0 |a eng 
044 |a US 
245 1 0 |a Asian monetary integration: will it ever happen?  |c Tharman Shanmugaratnam 
264 1 |a Washington, D.C.  |b Per Jacobsson Foundation  |c 2006 
300 |a 33 s. 
490 1 |a <The> Per Jacobsson lecture 
830 0 |a <The> Per Jacobsson lecture 
610 2 0 |a politika menová 
610 2 0 |a integrácia menová 
610 2 0 |a Ázia 
100 1 |a Shanmugaratnam, Tharman